000 00773nam a22002417a 4500
003 URS
005 20240620233625.0
008 240425t2022 ph ||||| |||| 00| 0 eng d
020 _a9786210441246
040 _aDLC
_beng
_cDLC
_dDLC
_dURS
_erda
082 _a330
_bC1129 2022
100 _aCabudol, Emerson G.
245 _aEconomic Development /
_cEmerson G. Cabudol.
264 _aPhilippines:
_bRex Book Store,
_c[2022]
300 _aviii, 345 pages;
_c25 cm.
336 _2rdacontent
_atext
_btxt
337 _2rdamedia
_aunmediated
_bn
338 _2rdacarrier
_avolume
_bnc
504 _aIncludes bibliographical references (pages 331-332), appendices and index.
650 _aEconomic development
_xDeveloping countries
650 _aEconomic policy
942 _2ddc
_cF
999 _c79756
_d79755